Top 4 der Fußball-Europameisterschaft (Frauen) - Sudden Death - Statistiken

Allgemein
  • Dieses Quiz wurde 118 mal gespielt
  • Das Durchschnittsergebnis liegt bei 8 aus 11
Answers on the Grid
Answers color-coded by a green-red scale on the quiz's grid according to % correct below.
Belgien
Dänemark
BRD / Deutschland
England
Finnland
Frankreich
Island
Italien
Niederlande
Nordirland
Norwegen
Österreich
Polen
Portugal
Russland
Schottland
Schweden
Schweiz
Spanien
Ukraine
 
Antwortstatistiken
Antwort % Korrekt
Sieger: 1989, 1991, 1995, 1997, 2001, 2005, 2009, 2013, 2. Platz: 2022, 4. Platz: 1993, Halbfinale: 2025 BRD / Deutschland
96%
1. Platz: 2022, 2. Platz: 1984, 2009, Halbfinale: 1995, 2017 England
95%
Halbfinale: 1997 Spanien
92%
Halbfinale: 2022 Frankreich
87%
1. Platz: 2017, Halbfinale: 2009 Niederlande
80%
1. Platz: 1984, 2. Platz: 1987, 1995, 2001, 3. Platz: 1989, Halbfinale: 1997, 2005, 2013, 2022 Schweden
79%
2. Platz: 1993, 1997, 3. Platz: 1987, Halbfinale: 1984, 2025 Italien
74%
1. Platz: 1987, 1993, 2. Platz: 1989, 1991, 2005, 2013, Halbfinale: 1995, 2001, 2009 Norwegen
71%
2. Platz: 2017, 3. Platz: 1991, 1993, Halbfinale: 2001, 2013 Dänemark
51%
Halbfinale: 2017 Österreich
16%
Halbfinale: 2005 Finnland
12%
Keine übereinstimmenden Quizze gefunden
Verteilung der Resultate
Anzahl Personen mit jedem Resultat
Perzentil nach korrekt beantworteten Fragen
Ihre Resultats-Entwicklung
Sie haben dieses Quiz noch nicht gespielt